3-D Literature Quiz Stats

Quiz Updated Jul 12, 2016

Challenge
Share
Tweet
Embed
Score 0/18 Timer 04:00
9 Plays Today
% Correct
Doctor Dolittle
96.2%
The Da Vinci Code
95.9%
Dorian
95.7%
Duke
95.5%
Desire
94.6%
Death of a Salesman
93.9%
Desdemona
93.6%
Don Quixote
93.1%
Dodger
92%
% Correct
Dickens
90.4%
Duncan
90.2%
Defoe
89%
Dostoyevsky
88.6%
Don Juan
87.8%
Dickinson
85.9%
Dune
81%
Doubt
80.7%
Deuteronomy
73.2%

You're not logged in!

Compare scores with friends on all Sporcle quizzes.
Sign Up with Email
OR
Log In

You Might Also Like...

Show Comments

Extras

Top Quizzes Today


Score Distribution

Your Account Isn't Verified!

In order to create a playlist on Sporcle, you need to verify the email address you used during registration. Go to your Sporcle Settings to finish the process.